000 01207nam a2200241Ia 4500
999 _c34547
_d34547
001 303
003 GE_BSU
005 20230915145836.0
008 181216s1998||||ge |||||||||||||| ||geo||
040 _cGE_BSU
041 _ageo
080 _a330.101.54(075.8) ე-49
245 _aეკონომიკური თეორია :
_cთსუ, ეკონ. თეორიის კათედრა ; [სარედ. კოლ.: გ. ადეიშვილი, რ. ასათიანი და სხვ.].
_bსახელმძღვ. /
264 _aთბილისი :
_bსიახლე,
_c1998.
300 _a578 გვ.;
_c20 სმ.
504 _aბიბლიოგრ. თავების ბოლოს.
653 _aეკონომიკური თეორია
653 _aეკონომიკა
700 _aადეიშვილი, გიორგი
_9689
_eრედაქტორი
700 _aასათიანი,როზეტა
_9690
_dრედაქტორი
710 _aთბილისის უნ-ტი.
_96555
_bეკონომიკური თეორიის კათედრა
942 _cBK
_2udc